000
00282nam a22001217a 4500
008
180806b xxu||||| |||| 00| 0 eng d
082
_a
813.52
245
_a
Musicianship in the Digital Age
_c
Thomson
260
_c
2005
300
_a
1
_f
CD
440
_x
1592009832
942
_2
ddc
_c
MX
999
_c
46859
_d
46859